h1

h2

h3

h4

h5
h6
001019225 001__ 1019225
001019225 005__ 20251008040222.0
001019225 0247_ $$2I:(DE-82)711120_20180704$$aG:(BMFTR)16KIS2231K$$d16KIS2231K
001019225 035__ $$aG:(BMFTR)16KIS2231K
001019225 150__ $$aVerbundprojekt: Chancen und Risiken sozialer Einflussfaktoren für die Privatheitsentscheidungen Adoleszenter - SoPrivAdo -$$y2025-01-01 - 2027-12-31
001019225 450__ $$aBMFTR 16KIS2231K$$wd$$y2025-01-01 - 2027-12-31
001019225 5101_ $$0I:(DE-588b)1365050157$$aBundesministerium für Forschung, Technologie und Raumfahrt$$bBMFTR
001019225 8564_ $$uhttps://foerderportal.bund.de/foekat/jsp/SucheAction.do?actionMode=view=16KIS2231K$$wb$$yHomepage
001019225 909CO $$ooai:juser.fz-juelich.de:1046809$$pauthority$$pauthority:GRANT
001019225 909CO $$ooai:juser.fz-juelich.de:1046809
001019225 980__ $$aG
001019225 980__ $$aAUTHORITY